[Event "Paracin op-A 17th"]
[Site "Paracin"]
[Date "2024.07.09"]
[Round "7"]
[White "Nikolic, Zoran S"]
[Black "Enkhrii, Enkh Amgalan"]
[Result "1-0"]
[WhiteElo "2094"]
[BlackElo "2046"]
[PlyCount "109"]
[EventDate "2024.07.03"]
[EventType "swiss"]
[EventRounds "9"]
[EventCountry "SRB"]
[SourceTitle "CBM 221 Extra"]
[Source "ChessBase"]
[SourceDate "2024.09.30"]
[SourceVersion "1"]
[SourceVersionDate "2024.09.30"]
[SourceQuality "1"]

1. e4 e5 2. Nf3 Nc6 3. Bb5 a6 4. Ba4 Nf6 5. 0-0 Be7 6. Re1 b5 7. Bb3 d6 8. c3 0-0 9. h3 Na5 10. Bc2 c5 11. d4 Qc7 12. d5 Bd7 13. Nbd2 c4 14. Nf1 Rfb8 15. b4 cxb3 16. axb3 Nb7 17. Bd2 a5 18. b4 a4 19. Bd3 Nd8 20. Qe2 g6 21. Ne3 Nh5 22. g3 Qb7 23. Kh2 Ng7 24. Nc2 f5 25. Na3 fxe4 26. Bxe4 Nf7 27. Bd3 Ne8 28. Nd4 Nc7 29. Nc6 Bxc6 30. dxc6 Qxc6 31. c4 bxc4 32. Nxc4 Ne6 33. Qe4 Nd4 34. Qxc6 Nxc6 35. Be4 Ra6 36. Reb1 Nd4 37. Na5 Bd8 38. Kg2 Bxa5 39. Rxa4 d5 40. Bxd5 Kf8 41. Ba2 Nd6 42. bxa5 Rxb1 43. Bxb1 Nb3 44. Bd3 Ra7 45. Bb4 Ke7 46. a6 Kd7 47. Ra3 e4 48. Bf1 Nd4 49. Bc5 N4b5 50. Bxa7 Nxa3 51. Bc5 Nab5 52. a7 Nc7 53. Ba6 Na8 54. Bxd6 Kxd6 55. Bb7 1-0

[Event "Paracin op-A 17th"]
[Site "Paracin"]
[Date "2024.07.06"]
[Round "5"]
[White "Enkhrii, Enkh Amgalan"]
[Black "Sahin, Sarp"]
[Result "1-0"]
[WhiteElo "2046"]
[BlackElo "2185"]
[PlyCount "59"]
[EventDate "2024.07.03"]
[EventType "swiss"]
[EventRounds "9"]
[EventCountry "SRB"]
[SourceTitle "CBM 221 Extra"]
[Source "ChessBase"]
[SourceDate "2024.09.30"]
[SourceVersion "1"]
[SourceVersionDate "2024.09.30"]
[SourceQuality "1"]

1. d4 Nf6 2. c4 e6 3. Nf3 b6 4. g3 Bb7 5. Bg2 Be7 6. 0-0 0-0 7. Nc3 Ne4 8. Bd2 f5 9. d5 Bf6 10. Rc1 Na6 11. Ne1 Nac5 12. b4 Nxc3 13. Bxc3 Ne4 14. Bd4 a5 15. f3 Bxd4+ 16. Qxd4 Nf6 17. e4 axb4 18. e5 Ne8 19. Nd3 c5 20. dxc6 dxc6 21. Qxd8 Rxd8 22. Nxb4 c5 23. Nc2 Ba6 24. Ne3 Rd3 25. Rfe1 Nc7 26. Rb1 b5 27. cxb5 Bxb5 28. Bf1 Rfd8 29. Bxd3 Bxd3 30. Red1 1-0